Hướng dẫn tự học Autocad 2000 toàn tập T.1 T.1

Na minha lista:
Detalhes bibliográficos
Autor principal: Trung Nguyên
Formato: Livro
Publicado em: Thống kê 2000
Tags: Adicionar Tag
Sem tags, seja o primeiro a adicionar uma tag!
Thư viện lưu trữ: Mạng thư viện Đại học Đà Nẵng
LEADER 00577nam a2200229 a 4500
001 000028878
003 828
005 20171030145630.0
008 171030s2000
020 |c 67000 
040 |a LTT 
082 0 |a 006,6  |b TR-N 
100 1 |a Trung Nguyên 
245 0 0 |a Hướng dẫn tự học Autocad 2000 toàn tập T.1  |c Trung Nguyên, Giang Đô.  |n T.1 
260 |b Thống kê  |c 2000 
OWN |a LTT 
999 |a From the UDN01 
TYP |a Monograph 
TYP |a Printed language 
980 |a Mạng thư viện Đại học Đà Nẵng